000 00361nam a2200157Ia 4500
008 210210b1966 xxu||||| |||| 00| 0 eng d
041 _aeng
082 _a869/4
100 _aACHARYA (Vyas) Ed
245 _aKatha ratna
260 _aMadras
_bMacmillan & Co. Ltd.
_c1966
650 _aratna
650 _aKatha
690 _aHindi Fiction
906 _a023803
999 _c148768
_d148768